Štúdium štruktúrnych zmien a mechanizmov zhutňovania pri izostatickom lisovaní rýchlo stuhnutých práškov : Diplomová práca

Salvato in:
Dettagli Bibliografici
Autore principale: Muravský, Juraj (Autore)
Altri autori: Grgač, Peter, 1952- (xxx)
Natura: Manoscritto Libro
Lingua:slovacco
Pubblicazione: Trnava : SVŠT v Bratislave StF KNoM, 1987
Soggetti:
Tags: Aggiungi Tag
Nessun Tag, puoi essere il primo ad aggiungerne!!

MARC

LEADER 00000ntm a22000003a 4500
001 stu106549
005 20160719162734.5
008 060202s1987----cs------------------slo-d
040 |a STU  |b slo 
041 0 |a slo 
044 |a cs 
100 1 |a Muravský, Juraj  |4 aut 
245 1 |a Štúdium štruktúrnych zmien a mechanizmov zhutňovania pri izostatickom lisovaní rýchlo stuhnutých práškov :  |b Diplomová práca 
260 |a Trnava :  |b SVŠT v Bratislave StF KNoM,  |c 1987 
300 |a 67 s 
650 7 |a strojárska technológia  |2 stusub 
700 1 |a Grgač, Peter,  |d 1952-  |4 xxx  |u M1000  |U MTF Materiálovotechnologická fakulta  |T MTF Ústav materiálov  |X 4174  |U M1000  |Y 81  |7 A000004174 
996 |b 284M064158  |c M*DP-3929  |l MMSKP  |s P  |a 0  |w stu106549_0001